[Event "DM G7 grp1 2024"]
[Site "Svendborg"]
[Date "2024.03.26"]
[Round "1"]
[White "Jensen, Soren"]
[Black "Boje, Tobias Rosholm"]
[Result "0-1"]
[WhiteElo "1945"]
[BlackElo "2018"]
[WhiteFideId "1421204"]
[BlackFideId "1413643"]
[PlyCount "70"]
[EventDate "2024.04.26"]
[EventType "swiss"]
[EventRounds "7"]
[EventCountry "DEN"]
[SourceTitle "Live v. Kasper Jerwiarz"]

1. e4 c6 2. Nf3 d5 3. d3 dxe4 4. Ng5 Nf6 5. Nc3 Bg4 
6. Qd2 e6 7. Ncxe4 Nxe4 8. Nxe4 Bf5 9. Be2 Nd7 10. Qc3 Nf6 
11. Nxf6+ Qxf6 12. Qb3 Qe7 13. Bd2 Qc7 14. Be3 Bd6 15. h4 h6 
16. O-O-O Bf4 17. g4 Bh7 18. Qb4 Bxe3+ 19. fxe3 O-O-O 20. Rdf1 Kb8 
21. Rf4 e5 22. Rc4 f6 23. Bf3 Rd6 24. Qc3 Bg8 25. Ra4 Bd5 
26. e4 Be6 27. Qa3 a6 28. Rg1 c5 29. b3 Ka7 30. b4 cxb4 
31. Qxb4 Rc8 32. Rg2 Rxd3 33. Bd1 Rd4 34. Qa3 Rxa4 35. Qxa4 Qc3 
0-1

[Event "DM G7 grp1 2024"]
[Site "Svendborg"]
[Date "2024.03.26"]
[Round "1"]
[White "Haarh, Simon Bjork"]
[Black "Poulsen, Peter Risgaard"]
[Result "0-1"]
[WhiteElo "2003"]
[BlackElo "1927"]
[WhiteFideId "1470515"]
[BlackFideId "1407333"]
[PlyCount "90"]
[EventDate "2024.04.26"]
[EventType "swiss"]
[EventRounds "7"]
[EventCountry "DEN"]
[SourceTitle "Live v. Kasper Jerwiarz"]

1. e4 c6 2. Nc3 d5 3. Nf3 Bg4 4. h3 Bxf3 5. Qxf3 e6 
6. d4 Nf6 7. Bd3 dxe4 8. Nxe4 Nxe4 9. Qxe4 Nd7 10. O-O Nf6 
11. Qh4 Nd5 12. Qg3 Qc7 13. Qf3 h6 14. c4 Nf6 15. Re1 Be7 
16. Bf4 Qa5 17. b4 Bxb4 18. Re5 Qd8 19. d5 cxd5 20. cxd5 Nxd5 
21. Rxe6+ fxe6 22. Bg6+ Ke7 23. Bg3 Rf8 24. Bh4+ Rf6 25. Rd1 Kf8 
26. Qb3 Be7 27. Bxf6 gxf6 28. Qf3 Qd6 29. Be4 Qe5 30. Bxd5 exd5 
31. Rxd5 Qe1+ 32. Kh2 Rd8 33. Rf5 Qe6 34. g3 b6 35. Qh5 Qf7 
36. Qxh6+ Qg7 37. Qf4 Kg8 38. Qc7 Rf8 39. Qc4+ Qf7 40. Qh4 Qg7 
41. Rf4 f5 42. Qh5 Bg5 43. Rc4 f4 44. Rc6 fxg3+ 45. Kg2 gxf2 
0-1

[Event "DM G7 grp1 2024"]
[Site "Svendborg"]
[Date "2024.03.26"]
[Round "1"]
[White "Paludan, Noah"]
[Black "Jensen, Morten Frank"]
[Result "1/2-1/2"]
[WhiteElo "1922"]
[BlackElo "1999"]
[WhiteFideId "1474987"]
[BlackFideId "1407325"]
[PlyCount "40"]
[EventDate "2024.04.26"]
[EventType "swiss"]
[EventRounds "7"]
[EventCountry "DEN"]
[SourceTitle "Live v. Kasper Jerwiarz"]

1. e4 d5 2. exd5 Qxd5 3. Nc3 Qd8 4. d4 Nf6 5. Nf3 g6 
6. Bc4 Bg7 7. O-O O-O 8. Ne5 Nfd7 9. Bf4 c6 10. a4 Nb6 
11. Bb3 Na6 12. Re1 Nc7 13. Ne4 Be6 14. c4 f6 15. a5 fxe5 
16. axb6 axb6 17. Rxa8 Qxa8 18. Bxe5 Bxe5 19. dxe5 c5 20. Ng5 Qd8 
1/2-1/2

[Event "DM G7 grp1 2024"]
[Site "Svendborg"]
[Date "2024.03.26"]
[Round "1"]
[White "Loveid, Erik"]
[Black "Rasmussen, Johnny Koust"]
[Result "1/2-1/2"]
[WhiteElo "1975"]
[BlackElo "1909"]
[WhiteFideId "1520067"]
[BlackFideId "1422383"]
[PlyCount "96"]
[EventDate "2024.04.26"]
[EventType "swiss"]
[EventRounds "7"]
[EventCountry "DEN"]
[SourceTitle "Live v. Kasper Jerwiarz"]

1. e4 e5 2. Nf3 Nc6 3. Bb5 a6 4. Ba4 d6 5. O-O Nf6 
6. c3 Be7 7. Re1 O-O 8. h3 b5 9. Bc2 Re8 10. d4 Bb7 
11. d5 Nb8 12. a4 Nbd7 13. Nbd2 c6 14. dxc6 Bxc6 15. Nf1 Nc5 
16. Ng3 bxa4 17. Bg5 Qc7 18. Bxf6 Bxf6 19. Nf5 Rad8 20. Qe2 Qb6 
21. Rad1 Bb7 22. Nd2 Be7 23. Nc4 Qc7 24. Ra1 Bc6 25. Nd2 Bf8 
26. b4 axb3 27. Nxb3 Nxb3 28. Bxb3 a5 29. Qc4 Rc8 30. Rxa5 d5 
31. exd5 Qxa5 32. dxc6 Qc7 33. Rd1 Rcd8 34. Rd7 Rxd7 35. cxd7 Qxd7 
36. Ba4 Rc8 37. Qg4 Qc7 38. Nh6+ Kh8 39. Nxf7+ Qxf7 40. Qxc8 Qe7 
41. Qf5 g6 42. Qe4 Kg7 43. Bc2 Qc5 44. Qd3 Be7 45. Qe3 Qd6 
46. Qd3 Qc5 47. Qe3 Qd6 48. Qd3 Qc5 1/2-1/2

[Event "DM G7 grp1 2024"]
[Site "Svendborg"]
[Date "2024.03.26"]
[Round "1"]
[White "Kokholm, Daniel"]
[Black "Nykjaer, Jess"]
[Result "0-1"]
[WhiteElo "1906"]
[BlackElo "1990"]
[WhiteFideId "1407155"]
[BlackFideId "1427288"]
[PlyCount "142"]
[EventDate "2024.04.26"]
[EventType "swiss"]
[EventRounds "7"]
[EventCountry "DEN"]
[SourceTitle "Live v. Kasper Jerwiarz"]

1. e4 c5 2. Nc3 g6 3. f4 Bg7 4. Nf3 Nc6 5. Bb5 Nd4 
6. O-O e6 7. a4 Ne7 8. e5 a6 9. Bc4 d5 10. exd6 Qxd6 
11. Ne4 Nxf3+ 12. Qxf3 Qd4+ 13. Qe3 O-O 14. Qxd4 cxd4 15. Nd6 Rd8 
16. Nxc8 Raxc8 17. d3 Nc6 18. Bd2 Bf8 19. g4 Bb4 20. Rad1 Bxd2 
21. Rxd2 Nb4 22. Re1 Rc5 23. Ree2 h5 24. h3 Kg7 25. g5 Nc6 
26. Re4 Ne7 27. Kf2 Nf5 28. Ree2 Nd6 29. Bb3 Nf5 30. Bc4 a5 
31. Kf3 Rd6 32. Rd1 Ne3 33. Rdd2 Nxc4 34. dxc4 Rxc4 35. b3 Rc3+ 
36. Rd3 Rxd3+ 37. cxd3 Rb6 38. Rb2 Rb4 39. Ke2 b5 40. axb5 a4 
41. b6 axb3 42. Kf3 Rxb6 43. Ke4 Rb4 44. Ke5 h4 45. Kd6 Rb5 
46. Kc6 Rf5 47. Rxb3 Rxf4 48. Kc5 Rf3 49. Kxd4 Rxh3 50. Ke4 Rg3 
51. Kf4 Rg1 52. d4 Rd1 53. Ke4 Rf1 54. Rh3 Rf5 55. Rxh4 Rxg5 
56. Rh1 Rf5 57. Rg1 g5 58. Ke3 Kf6 59. Rg4 Kg6 60. Rg1 Rf4 
61. Rh1 Kf5 62. Rg1 g4 63. Rh1 Rf3+ 64. Ke2 Kf4 65. Rh7 Kg3 
66. Rg7 Rf5 67. Rh7 Kg2 68. Rh4 g3 69. Rh7 Rf2+ 70. Ke3 Kg1 
71. Rg7 g2 0-1

[Event "DM G7 grp1 2024"]
[Site "Svendborg"]
[Date "2024.03.26"]
[Round "1"]
[White "Ringsmose, Christian"]
[Black "Christensen, Michael"]
[Result "1-0"]
[WhiteElo "1980"]
[BlackElo "1899"]
[WhiteFideId "1451669"]
[BlackFideId "1463667"]
[PlyCount "57"]
[EventDate "2024.04.26"]
[EventType "swiss"]
[EventRounds "7"]
[EventCountry "DEN"]
[SourceTitle "Live v. Kasper Jerwiarz"]

1. e4 c5 2. Nf3 Nc6 3. d4 cxd4 4. Nxd4 e5 5. Nb5 d6 
6. N1c3 a6 7. Na3 Nf6 8. Nc4 Be6 9. Bg5 Bxc4 10. Bxc4 Be7 
11. O-O b5 12. Bxf6 Bxf6 13. Bxf7+ Kxf7 14. Qd5+ Kg6 15. Qxc6 Ra7 
16. Rad1 Be7 17. f4 Qc7 18. Qd5 Qc5+ 19. Qxc5 dxc5 20. Nd5 Kf7 
21. fxe5+ Ke6 22. Rf5 g5 23. Nf6 Rf8 24. Rdf1 c4 25. g3 Bc5+ 
26. Kg2 Bd4 27. Rxg5 Bxe5 28. Rxe5+ Kxe5 29. Ng4+ 1-0

[Event "DM G7 grp1 2024"]
[Site "Svendborg"]
[Date "2024.03.26"]
[Round "1"]
[White "Derlich, Sarah Sima"]
[Black "Leonhardsen, Vebjorn Maanum"]
[Result "1-0"]
[WhiteElo "1864"]
[BlackElo "1950"]
[WhiteFideId "1469290"]
[BlackFideId "1539515"]
[PlyCount "129"]
[EventDate "2024.04.26"]
[EventType "swiss"]
[EventRounds "7"]
[EventCountry "DEN"]
[SourceTitle "Live v. Kasper Jerwiarz"]

1. e4 c6 2. d4 d5 3. exd5 cxd5 4. Bd3 Nc6 5. c3 Qc7 
6. Nf3 Bg4 7. O-O e6 8. Re1 Bd6 9. Nbd2 Bxh2+ 10. Kh1 Bd6 
11. Qa4 Bxf3 12. Nxf3 Nge7 13. Ne5 Ng6 14. f4 O-O-O 15. Bd2 Bxe5 
16. fxe5 h5 17. Rac1 Kb8 18. Bxg6 fxg6 19. Qc2 Ne7 20. Bg5 Rde8 
21. Bxe7 Qxe7 22. Qxg6 Rh6 23. Qd3 Rf8 24. Rf1 Rhh8 25. Qg6 h4 
26. Qd3 Qg5 27. Rxf8+ Rxf8 28. Rf1 Rxf1+ 29. Qxf1 Qe7 30. Kh2 Kc7 
31. Kh3 Qg5 32. Qf7+ Kd8 33. Qf8+ Kd7 34. Qd6+ Ke8 35. Qxe6+ Kf8 
36. Qd6+ Ke8 37. Qb8+ Kf7 38. Qxb7+ Kg6 39. Qa6+ Kf7 40. Qf1+ Ke6 
41. Qf3 Qd2 42. Qg4+ Kf7 43. Qd7+ Kg6 44. Qxd5 Qxb2 45. Qc6+ Kf7 
46. e6+ Kf6 47. a4 g5 48. e7+ Kxe7 49. Qc7+ Kf6 50. Qe5+ Kg6 
51. Qe6+ Kh5 52. Qc8 Qc1 53. Qg4+ Kg6 54. Qe4+ Kh6 55. Qf3 Qa3 
56. Qc6+ Kh5 57. d5 g4+ 58. Kh2 Qc1 59. Qe8+ Kg5 60. Qe5+ Kg6 
61. d6 Qd1 62. c4 Qxa4 63. Qe6+ Kg5 64. d7 Qd1 65. Qd5+ 1-0

[Event "DM G7 grp1 2024"]
[Site "Svendborg"]
[Date "2024.03.26"]
[Round "1"]
[White "Ostergreen Johansen, Benjamin"]
[Black "Bruntse, Kathrine Lindegaard"]
[Result "1-0"]
[WhiteElo "1981"]
[BlackElo "1873"]
[WhiteFideId "1476742"]
[BlackFideId "1472283"]
[PlyCount "101"]
[EventDate "2024.04.26"]
[EventType "swiss"]
[EventRounds "7"]
[EventCountry "DEN"]
[SourceTitle "Live v. Kasper Jerwiarz"]

1. e4 c5 2. Nf3 e6 3. d4 cxd4 4. Nxd4 Nc6 5. Nc3 Qc7 
6. Be3 a6 7. Qd2 Nf6 8. f4 d6 9. O-O-O Be7 10. Be2 Nxd4 
11. Bxd4 e5 12. fxe5 dxe5 13. Bf2 Bb4 14. Qg5 O-O 15. Nd5 Nxd5 
16. exd5 Bd7 17. Bd3 Rfe8 18. Qh4 e4 19. Bxe4 f5 20. Bd3 Be7 
21. Qc4 Qxc4 22. Bxc4 Bd6 23. Bd3 Rac8 24. Rde1 Kf7 25. Bd4 g6 
26. g3 b5 27. Kd2 Bb4+ 28. c3 Be7 29. b3 Bf6 30. Bxf6 Kxf6 
31. c4 Rxe1 32. Rxe1 bxc4 33. bxc4 Rc5 34. Kc3 Ra5 35. Re2 g5 
36. Kd4 h5 37. h4 g4 38. Rb2 Ke7 39. Bc2 Ra3 40. Bb3 Ba4 
41. Ke5 Bd7 42. c5 Ra5 43. Rc2 Bc8 44. a4 Bd7 45. Rc4 Bc8 
46. Kd4 Bb7 47. Kc3 Bxd5 48. Kb4 Bxc4 49. Bxc4 Rxa4+ 50. Kxa4 f4 
51. gxf4 1-0

[Event "DM G7 grp1 2024"]
[Site "Svendborg"]
[Date "2024.03.26"]
[Round "1"]
[White "Bekmukhanov, Sauran"]
[Black "Ramsdal, Mikkel"]
[Result "1/2-1/2"]
[WhiteElo "1862"]
[BlackElo "1882"]
[WhiteFideId "1472844"]
[BlackFideId "1438484"]
[PlyCount "100"]
[EventDate "2024.04.26"]
[EventType "swiss"]
[EventRounds "7"]
[EventCountry "DEN"]
[SourceTitle "Live v. Kasper Jerwiarz"]

1. e4 c5 2. Nf3 d6 3. d4 cxd4 4. Nxd4 Nf6 5. Nc3 Nc6 
6. Be2 g6 7. O-O Bg7 8. Be3 a6 9. f4 Bd7 10. Qd2 b5 
11. a3 O-O 12. f5 Ne5 13. h3 Nc4 14. Bxc4 bxc4 15. Rad1 Rb8 
16. Qe2 Qc8 17. Bf4 Rxb2 18. fxg6 fxg6 19. e5 dxe5 20. Bxe5 Qc5 
21. Kh1 Rb7 22. Bxf6 Bxf6 23. Qe4 Rfb8 24. Nd5 Kg7 25. Nxf6 exf6 
26. Qe6 Qe5 27. Qxc4 Bb5 28. Nxb5 axb5 29. Qc6 Rb6 30. Qd7+ Kh6 
31. Rfe1 Qc3 32. Re7 Rh8 33. Qg4 g5 34. Qf5 Qxa3 35. Rdd7 Qc1+ 
36. Kh2 Qf4+ 37. Qxf4 gxf4 38. Re4 Kg5 39. Rd5+ Kg6 40. Rxf4 Rc8 
41. Rg4+ Kf7 42. Rb4 Rxc2 43. Rbxb5 Re6 44. Rb7+ Kg6 45. Rd3 Re5 
46. h4 h5 47. Rg3+ Kf5 48. Rf3+ Kg6 49. Rb6 Rf5 50. Rg3+ Kf7 
1/2-1/2

[Event "DM G7 grp1 2024"]
[Site "Svendborg"]
[Date "2024.03.26"]
[Round "1"]
[White "Hollesen, Kurt"]
[Black "Ambirk, Jan"]
[Result "0-1"]
[WhiteElo "1947"]
[BlackElo "1829"]
[WhiteFideId "1406817"]
[BlackFideId "1428403"]
[PlyCount "80"]
[EventDate "2024.04.26"]
[EventType "swiss"]
[EventRounds "7"]
[EventCountry "DEN"]
[SourceTitle "Live v. Kasper Jerwiarz"]

1. e4 e5 2. c4 Bc5 3. g3 Nf6 4. Bg2 d6 5. h3 Nc6 
6. Nc3 Be6 7. d3 h6 8. Nge2 Nd4 9. O-O Qd7 10. Kh2 O-O-O 
11. f4 Nxe2 12. Qxe2 Qe7 13. a3 h5 14. Be3 h4 15. f5 hxg3+ 
16. Kxg3 Nh5+ 17. Kh2 Bd7 18. b4 Bxe3 19. Qxe3 c5 20. Nd5 Qh4 
21. bxc5 Bc6 22. cxd6 Rxd6 23. Qf2 Qxf2 24. Rxf2 Bxd5 25. cxd5 Nf4 
26. Bf1 Rdh6 27. Rf3 Rb6 28. d4 Rb2+ 29. Kh1 f6 30. dxe5 fxe5 
31. Rc1+ Kd8 32. Rfc3 Rh4 33. Rc8+ Ke7 34. R8c7+ Kd6 35. Rxg7 Nxh3 
36. Bxh3 Rb3 37. Rg6+ Ke7 38. Rg7+ Kf8 39. Rg2 Rbxh3+ 40. Kg1 Rh2 
0-1

[Event "DM G7 grp1 2024"]
[Site "Svendborg"]
[Date "2024.03.27"]
[Round "2"]
[White "Boje, Tobias Rosholm"]
[Black "Ostergreen Johansen, Benjamin"]
[Result "1/2-1/2"]
[WhiteElo "2018"]
[BlackElo "1981"]
[WhiteFideId "1413643"]
[BlackFideId "1476742"]
[PlyCount "124"]
[EventDate "2024.04.26"]
[EventType "swiss"]
[EventRounds "7"]
[EventCountry "DEN"]
[SourceTitle "Live v. Kasper Jerwiarz"]

1. e4 e5 2. Nf3 Nc6 3. Bb5 a6 4. Ba4 Nf6 5. O-O Be7 
6. Re1 b5 7. Bb3 d6 8. a4 Bd7 9. c3 O-O 10. h3 Na5 
11. Bc2 c5 12. d3 Qc7 13. Nbd2 Rab8 14. axb5 axb5 15. Nb3 Nc6 
16. Be3 Rfe8 17. Nfd2 Rbc8 18. f4 exf4 19. Bxf4 Ne5 20. Nf3 Ng6 
21. Bh2 Bf8 22. Nbd2 Bc6 23. Nf1 Qb6 24. Kh1 c4 25. Bg1 Qb8 
26. Qb1 d5 27. Nd4 cxd3 28. Bxd3 dxe4 29. Nxc6 Rxc6 30. Bh2 Qb6 
31. Bg1 Bc5 32. Bxc5 Qxc5 33. Bxe4 Rce6 34. Ra8 Qf2 35. Rxe8+ Rxe8 
36. Nh2 Nxe4 37. Rxe4 Rxe4 38. Qxe4 Qxb2 39. Qe8+ Nf8 40. Nf3 Qxc3 
41. Qxb5 Qc1+ 42. Kh2 Qf4+ 43. Kh1 g6 44. Qe8 Kg7 45. Qe5+ Qxe5 
46. Nxe5 f5 47. h4 Kf6 48. Nf3 f4 49. Kh2 Kf5 50. Kh3 Ne6 
51. Nh2 Nd4 52. Ng4 h5 53. Nf2 Ne2 54. Kh2 Ng3 55. Kh3 Nf1 
56. Nd3 Nd2 57. Nf2 f3 58. gxf3 Nxf3 59. Kg3 Ne5 60. Nd1 g5 
61. hxg5 Kxg5 62. Nf2 h4+ 1/2-1/2

[Event "DM G7 grp1 2024"]
[Site "Svendborg"]
[Date "2024.03.27"]
[Round "2"]
[White "Nykjaer, Jess"]
[Black "Derlich, Sarah Sima"]
[Result "0-1"]
[WhiteElo "1990"]
[BlackElo "1864"]
[WhiteFideId "1427288"]
[BlackFideId "1469290"]
[PlyCount "102"]
[EventDate "2024.04.26"]
[EventType "swiss"]
[EventRounds "7"]
[EventCountry "DEN"]
[SourceTitle "Live v. Kasper Jerwiarz"]

1. e4 c6 2. Nf3 d5 3. Nc3 Bg4 4. h3 Bxf3 5. Qxf3 e6 
6. d3 Nf6 7. a3 Be7 8. Be2 O-O 9. O-O Nbd7 10. Bd1 Qc7 
11. Qe2 Rad8 12. f4 dxe4 13. Nxe4 Nxe4 14. dxe4 Nf6 15. c3 Bc5+ 
16. Kh1 Rd7 17. Qc4 Rfd8 18. Bf3 Bb6 19. Qe2 h6 20. e5 Nd5 
21. Be4 Ne7 22. b4 Nf5 23. Bxf5 exf5 24. Ra2 Rd3 25. c4 Qd7 
26. c5 Bc7 27. Rc2 Qd5 28. Rf3 Rxf3 29. Qxf3 Qxf3 30. gxf3 Kf8 
31. Kg2 Ke7 32. Bd2 Ke6 33. Kf2 Rd3 34. a4 Kd5 35. Ke2 Ra3 
36. Be1 Rxa4 37. Rd2+ Ke6 38. Rb2 Ra1 39. b5 cxb5 40. Rxb5 b6 
41. Bf2 a6 42. Rb2 b5 43. Be3 Rh1 44. Rd2 Rxh3 45. Kd3 Rxf3 
46. Rg2 g6 47. Rh2 h5 48. Ke2 Rg3 49. Kf2 Rg4 50. Kf3 Kd5 
51. Rd2+ Kc6 0-1

[Event "DM G7 grp1 2024"]
[Site "Svendborg"]
[Date "2024.03.27"]
[Round "2"]
[White "Poulsen, Peter Risgaard"]
[Black "Ringsmose, Christian"]
[Result "1-0"]
[WhiteElo "1927"]
[BlackElo "1980"]
[WhiteFideId "1407333"]
[BlackFideId "1451669"]
[PlyCount "65"]
[EventDate "2024.04.26"]
[EventType "swiss"]
[EventRounds "7"]
[EventCountry "DEN"]
[SourceTitle "Live v. Kasper Jerwiarz"]

1. d4 d5 2. Nf3 Nf6 3. e3 c5 4. b3 cxd4 5. exd4 Nc6 
6. Bb2 Bg4 7. Bd3 Qa5+ 8. Bc3 Qc7 9. h3 Bh5 10. g4 Bg6 
11. Ne5 Bxd3 12. Qxd3 e6 13. Nd2 Bd6 14. Nxc6 Qxc6 15. Bb2 Rc8 
16. c3 Bf4 17. f3 O-O 18. Kf2 e5 19. Rhe1 e4 20. fxe4 Bxd2 
21. Qxd2 Nxe4+ 22. Rxe4 dxe4 23. Kg1 f5 24. c4 fxg4 25. d5 Qg6 
26. Kh1 Rf3 27. d6 Rxh3+ 28. Kg2 Rd3 29. Qf4 Rf8 30. Qe5 Rd2+ 
31. Kg1 Qf7 32. Bd4 Qf3 33. Qxg7# 1-0

[Event "DM G7 grp1 2024"]
[Site "Svendborg"]
[Date "2024.03.27"]
[Round "2"]
[White "Ambirk, Jan"]
[Black "Loveid, Erik"]
[Result "1/2-1/2"]
[WhiteElo "1829"]
[BlackElo "1975"]
[WhiteFideId "1428403"]
[BlackFideId "1520067"]
[PlyCount "164"]
[EventDate "2024.04.26"]
[EventType "swiss"]
[EventRounds "7"]
[EventCountry "DEN"]
[SourceTitle "Live v. Kasper Jerwiarz"]

1. c4 c6 2. Nf3 d5 3. Qa4 dxc4 4. Qxc4 Nf6 5. d3 g6 
6. g3 Bg7 7. Bg2 O-O 8. Bd2 Be6 9. Qc1 Na6 10. O-O Qc8 
11. Bh6 Bh3 12. Bxg7 Kxg7 13. Nbd2 Bxg2 14. Kxg2 Qe6 15. Qc4 Qd6 
16. Ne4 Nxe4 17. Qxe4 Nc5 18. Qe5+ f6 19. Qxd6 exd6 20. b4 Ne6 
21. d4 Nc7 22. Nd2 Rfe8 23. e3 Rad8 24. Rfc1 Re7 25. Nb3 Nd5 
26. a3 f5 27. Na5 g5 28. Re1 Rde8 29. Nc4 Rd8 30. Na5 Rde8 
31. Nc4 Re6 32. Nd2 R8e7 33. h3 Re8 34. Rab1 Nc3 35. Rbc1 Nb5 
36. Nb3 Nxa3 37. d5 Re4 38. Nd4 Kf6 39. dxc6 bxc6 40. Ra1 c5 
41. bxc5 dxc5 42. Rxa3 cxd4 43. Rxa7 dxe3 44. Rxe3 Rxe3 45. fxe3 h5 
46. Kf2 Re6 47. Ra4 Rd6 48. Ra2 Ke5 49. Ke2 Rb6 50. Ra5+ Kf6 
51. Ra2 Kg6 52. Ra8 Rb2+ 53. Kf1 Rh2 54. Rg8+ Kf6 55. Rf8+ Ke5 
56. Re8+ Kd5 57. Rg8 g4 58. hxg4 hxg4 59. Re8 Rh6 60. Kf2 Rb6 
61. Rd8+ Ke6 62. Rd2 Ke5 63. Ra2 Rb4 64. Ke2 Ke4 65. Kf2 Kd3 
66. Ra3+ Ke4 67. Ra2 Rb1 68. Ra4+ Ke5 69. Ra5+ Kf6 70. Ra2 Rd1 
71. Kg2 Rc1 72. Kf2 Ke5 73. Ra5+ Kf6 74. Ra2 Rd1 75. Ra6+ Ke5 
76. Ra5+ Ke4 77. Ra4+ Ke5 78. Ra5+ Rd5 79. Ra2 Rd1 80. Ra5+ Rd5 
81. Ra2 Rd1 82. Ra5+ Rd5 1/2-1/2

[Event "DM G7 grp1 2024"]
[Site "Svendborg"]
[Date "2024.03.27"]
[Round "2"]
[White "Jensen, Morten Frank"]
[Black "Bekmukhanov, Sauran"]
[Result "1-0"]
[WhiteElo "1999"]
[BlackElo "1862"]
[WhiteFideId "1407325"]
[BlackFideId "1472844"]
[PlyCount "31"]
[EventDate "2024.04.26"]
[EventType "swiss"]
[EventRounds "7"]
[EventCountry "DEN"]
[SourceTitle "Live v. Kasper Jerwiarz"]

1. d4 Nf6 2. Nf3 e6 3. g3 c5 4. Bg2 Nc6 5. O-O d5 
6. c4 dxc4 7. Ne5 Nxd4 8. e3 Qc7 9. exd4 Bd6 10. Nxc4 O-O 
11. Nxd6 Qxd6 12. dxc5 Qxc5 13. Nc3 Qc7 14. Bg5 e5 15. Bxf6 gxf6 
16. Qb3 1-0

[Event "DM G7 grp1 2024"]
[Site "Svendborg"]
[Date "2024.03.27"]
[Round "2"]
[White "Ramsdal, Mikkel"]
[Black "Paludan, Noah"]
[Result "0-1"]
[WhiteElo "1882"]
[BlackElo "1922"]
[WhiteFideId "1438484"]
[BlackFideId "1474987"]
[PlyCount "98"]
[EventDate "2024.04.26"]
[EventType "swiss"]
[EventRounds "7"]
[EventCountry "DEN"]
[SourceTitle "Live v. Kasper Jerwiarz"]

1. d4 Nf6 2. c4 g6 3. Nc3 Bg7 4. e4 d6 5. h3 O-O 
6. Be3 e5 7. d5 Na6 8. Nge2 Nc5 9. f3 a5 10. g4 c6 
11. Ng3 h5 12. g5 Nh7 13. Qd2 a4 14. Rd1 cxd5 15. cxd5 h4 
16. Nge2 f5 17. gxf6 Qxf6 18. Bg2 Bd7 19. O-O Rac8 20. f4 exf4 
21. Rxf4 Qe7 22. Rxf8+ Rxf8 23. Nf4 Qe8 24. Bxc5 dxc5 25. d6 Bd4+ 
26. Kh1 g5 27. Nd3 b6 28. Ne2 Bg7 29. Qe3 Qe6 30. e5 c4 
31. Nc5 bxc5 32. Bd5 Rf1+ 33. Kg2 Rxd1 34. Bxe6+ Bxe6 35. Nc3 Rd3 
36. Qxc5 Nf8 37. Nxa4 Bxh3+ 38. Kh2 Be6 39. Nb6 Rd2+ 40. Kg1 Rxb2 
41. a4 h3 42. a5 g4 43. a6 g3 44. Kf1 h2 45. Qc6 Bh3+ 
46. Ke1 h1=Q+ 47. Qxh1 Rb1+ 48. Kd2 Rxh1 49. a7 Ra1 0-1

[Event "DM G7 grp1 2024"]
[Site "Svendborg"]
[Date "2024.03.27"]
[Round "2"]
[White "Rasmussen, Johnny Koust"]
[Black "Haarh, Simon Bjork"]
[Result "0-1"]
[WhiteElo "1909"]
[BlackElo "2003"]
[WhiteFideId "1422383"]
[BlackFideId "1470515"]
[PlyCount "62"]
[EventDate "2024.04.26"]
[EventType "swiss"]
[EventRounds "7"]
[EventCountry "DEN"]
[SourceTitle "Live v. Kasper Jerwiarz"]

1. e4 c5 2. Nc3 Nc6 3. g3 g6 4. Bg2 Bg7 5. d3 d6 
6. f4 Nf6 7. Nf3 O-O 8. O-O Rb8 9. Be3 b5 10. e5 Ng4 
11. Qd2 b4 12. Ne2 Qc7 13. exd6 exd6 14. c3 bxc3 15. bxc3 Ba6 
16. Rab1 Qa5 17. Bf2 Nxf2 18. Kxf2 Rfe8 19. Kg1 Ne7 20. Ng5 Rxb1 
21. Rxb1 d5 22. Rd1 h6 23. Nh3 Nf5 24. Rc1 Nd4 25. Nxd4 cxd4 
26. Nf2 dxc3 27. Qc2 Bd4 28. Kf1 Qc5 29. Nd1 Qe7 30. Nxc3 Qe3 
31. Nxd5 Qg1# 0-1

[Event "DM G7 grp1 2024"]
[Site "Svendborg"]
[Date "2024.03.27"]
[Round "2"]
[White "Leonhardsen, Vebjorn Maanum"]
[Black "Kokholm, Daniel"]
[Result "1-0"]
[WhiteElo "1950"]
[BlackElo "1906"]
[WhiteFideId "1539515"]
[BlackFideId "1407155"]
[PlyCount "145"]
[EventDate "2024.04.26"]
[EventType "swiss"]
[EventRounds "7"]
[EventCountry "DEN"]
[SourceTitle "Live v. Kasper Jerwiarz"]

1. c4 e5 2. g3 Nf6 3. Nc3 c6 4. d4 d6 5. Bg2 Be7 
6. dxe5 dxe5 7. Qxd8+ Kxd8 8. Nf3 Nbd7 9. O-O h6 10. Rd1 Ke8 
11. h3 g5 12. b3 Nh5 13. Bb2 f6 14. Ne4 Nb6 15. a4 Bd7 
16. Nd6+ Bxd6 17. Rxd6 Nc8 18. Rd2 Ne7 19. Rad1 Be6 20. a5 a6 
21. Ne1 Rh7 22. Nd3 Rd8 23. Nc5 Rxd2 24. Rxd2 Bc8 25. Ne4 Kf7 
26. Nd6+ Ke6 27. Bf3 Ng7 28. Ne4 Rh8 29. Nc5+ Kf7 30. Ba3 Ne6 
31. Nxb7 Nd4 32. Nd6+ Ke6 33. Nxc8 Nxf3+ 34. exf3 Nxc8 35. Kf1 h5 
36. Ke2 Re8 37. Bc5 Rh8 38. b4 h4 39. gxh4 gxh4 40. Rd3 f5 
41. b5 cxb5 42. cxb5 axb5 43. Rb3 Kd5 44. Rxb5 Kc6 45. Rb8 Kc7 
46. Rb1 Rh6 47. Ra1 Rc6 48. Bb4 Kb7 49. Bd2 f4 50. Rb1+ Kc7 
51. Rg1 Rh6 52. Rg5 Kd6 53. Bc3 Re6 54. Rh5 Ne7 55. Rxh4 Nc6 
56. Rh7 Kd5 57. Kd3 Nb8 58. h4 Na6 59. h5 Nc5+ 60. Kc2 Rc6 
61. Be1 Kd4 62. h6 Ne6+ 63. Kb2 Ng5 64. Rd7+ Kc4 65. h7 Rh6 
66. a6 Rb6+ 67. Kc1 Nxh7 68. a7 Ra6 69. Rxh7 Kd3 70. Bb4 Ke2 
71. Bc5 Kxf3 72. Rb7 e4 73. Rb8 1-0

[Event "DM G7 grp1 2024"]
[Site "Svendborg"]
[Date "2024.03.27"]
[Round "2"]
[White "Christensen, Michael"]
[Black "Hollesen, Kurt"]
[Result "1-0"]
[WhiteElo "1899"]
[BlackElo "1947"]
[WhiteFideId "1463667"]
[BlackFideId "1406817"]
[PlyCount "105"]
[EventDate "2024.04.26"]
[EventType "swiss"]
[EventRounds "7"]
[EventCountry "DEN"]
[SourceTitle "Live v. Kasper Jerwiarz"]

1. e4 e6 2. d4 b6 3. Nc3 Bb7 4. Be2 Bb4 5. f3 f5 
6. Nh3 Qh4+ 7. Nf2 Ne7 8. O-O Bxc3 9. bxc3 O-O 10. Bd2 Qf6 
11. Bd3 d6 12. Qe2 Nd7 13. Rae1 Rae8 14. exf5 exf5 15. Nh3 h6 
16. Nf4 g5 17. Qe6+ Qxe6 18. Nxe6 Rf7 19. Nxc7 Ref8 20. Nb5 Nc8 
21. Re6 Rf6 22. Rfe1 Bd5 23. Rxf6 Rxf6 24. Re8+ Rf8 25. Rxf8+ Nxf8 
26. Bxf5 Ne7 27. Be4 Bxa2 28. Nxd6 Ne6 29. Nf5 Nxf5 30. Bxf5 Nc7 
31. f4 gxf4 32. Bxf4 Nb5 33. Bxh6 Nxc3 34. Bd3 a5 35. Bd2 Nb1 
36. Bc1 Nc3 37. h4 b5 38. Bd2 b4 39. Bxc3 bxc3 40. Bb5 Be6 
41. Ba4 Kg7 42. Kf2 Kg6 43. Ke3 Kh5 44. g3 Kg4 45. Kf2 Bd5 
46. Bd7+ Kh5 47. Ke3 Bc4 48. d5 Bxd5 49. Kd4 a4 50. Bxa4 Be6 
51. Be8+ Kg4 52. h5 Kxg3 53. Bg6 1-0

[Event "DM G7 grp1 2024"]
[Site "Svendborg"]
[Date "2024.03.27"]
[Round "2"]
[White "Bruntse, Kathrine Lindegaard"]
[Black "Jensen, Soren"]
[Result "1/2-1/2"]
[WhiteElo "1873"]
[BlackElo "1945"]
[WhiteFideId "1472283"]
[BlackFideId "1421204"]
[PlyCount "110"]
[EventDate "2024.04.26"]
[EventType "swiss"]
[EventRounds "7"]
[EventCountry "DEN"]
[SourceTitle "Live v. Kasper Jerwiarz"]

1. d4 a6 2. c4 e6 3. e4 d5 4. cxd5 exd5 5. e5 c5 
6. Nc3 Be6 7. Nge2 Nc6 8. f4 Nh6 9. Be3 Nf5 10. Bf2 cxd4 
11. Nxd4 Nfxd4 12. Bxd4 Nxd4 13. Qxd4 Qa5 14. Bd3 Bc5 15. Qa4+ Qxa4 
16. Nxa4 Bb4+ 17. Kf2 b5 18. Nc3 Bc5+ 19. Kf3 g6 20. a3 O-O 
21. g4 f6 22. exf6 Rxf6 23. g5 Rf7 24. Rae1 Re8 25. Kg3 Rfe7 
26. Re2 Bf7 27. Rhe1 Rxe2 28. Rxe2 Rxe2 29. Nxe2 Be3 30. Kf3 Bd2 
31. a4 bxa4 32. Bxa6 Be8 33. Bb7 Bf7 34. Bc6 a3 35. bxa3 Kf8 
36. a4 Ke7 37. Nd4 Kd6 38. Bb5 Bc3 39. Ke3 Kc5 40. Ne2 Bg7 
41. Kd3 Be6 42. Ng3 h5 43. f5 Bxf5+ 44. Nxf5 gxf5 45. h4 Be5 
46. Bd7 Kb4 47. Bxf5 Kxa4 48. Be6 Kb4 49. Bxd5 Kc5 50. Bf3 Kd6 
51. Bxh5 Ke6 52. Ke4 Bg3 53. Bg4+ Kf7 54. h5 Bh4 55. Kf5 Bxg5 
1/2-1/2